| 000 | 00531cam a2200169 4500 | ||
|---|---|---|---|
| 001 | D13803 | ||
| 008 | 090401t1904 xxu||||| |||| 00| 0 eng d | ||
| 035 | _a(Sirsi) u11765 | ||
| 041 | _aeng | ||
| 100 | _aRyde, Walter C | ||
| 245 | _aReports of rating appeals heard before The London and other quarter sessions, the Queen`s and King`s Bench Division, The Court of Appeal, and the House of Lords 1894-1904 | ||
| 260 |
_aLondon _bButterworth _c1904 |
||
| 350 | _a0 | ||
| 700 | _aKonstam, E.M. | ||
| 942 | _n0 | ||
| 948 | _c04/03/1997 | ||
| 999 |
_c86909 _d86909 |
||